00290nam a2200109Ia 45000010005000000080041000050200022000460820017000681000029000852450032001142600034001463841241024s9999 xx 000 0 und d a978-9945-415-57-5 aRD/303/M623c aJesús Elias Michelén 0aCapital social comunicativo bEditora Amigo del Hogarc2014